000 00971nam a2200253Ia 4500
003 OSt
005 20220923225504.0
006 a|||||r|||| 00| 0
007 ta
008 220922b |||||||| |||| 00| 0 hin d
024 _a269,211
037 _cTextual
040 _aARTS
_cARTS
_bhin
041 _2hin
_ahin
082 _aQ3xN14,2, 152N8
100 _aतुलसी
245 0 _aचेतना का आकाश अध्यात्म का सूर्य, संपा साध्वीप्रमुखा कनकप्रभा
246 _aChetanā kā ākāsh adhyātma kā sūrya, sanpā0 sādhvīpramukhā kanakaprabhā
260 _aराजस्थान
_b आदर्श साहित्य संघ प्रकाशन
_c1998
300 _a202पृ.
_ccm.
650 _aज्ैन् ध्ज्ञमर््
942 _hQ3xN14,2, 152N8
_cTEXL
_2CC
999 _c378550
_d378550